Brasileirão 2013 - Statistics

Estatísticas Gerais
  • Esse quiz foi jogado 67 vezes
  • A pontuação média é 17 de 20
Estatísticas das Respostas
Posição PTS Rodada 38 Resposta % Correto
10 50 0 x 1 (D) Corinthians
100%
1 76 1 x 1 (E) Cruzeiro
100%
15 46 2 x 1 (V) Fluminense
100%
9 50 0 x 1 (D) São Paulo
100%
16 45 1 x 1 (E) Flamengo
98%
7 59 3 x 0 (V) Santos
98%
2 65 0 x 0 (E) Grêmio
97%
13 48 0 x 0 (E) Internacional
97%
4 61 3 x 0 (V) Botafogo
95%
18 43 1 x 5 (D) Vasco
95%
12 48 1 x 2 (D) Bahia
87%
5 59 2 x 2 (E) Vitória
85%
8 57 2 x 2 (E) Atlético-MG
82%
11 48 1 x 0 (V) Coritiba
80%
6 59 0 x 3 (D) Goiás
80%
17 44 0 x 0 (E) Portuguesa
80%
14 46 0 x 3 (D) Criciúma
75%
20 20 1 x 0 (V) Náutico
68%
3 64 5 x 1 (V) Athletico-PR
62%
19 37 0 x 0 (E) Ponte Preta
62%
Nenhum quiz correspondente encontrado
Distribuição das Pontuações
Porcentagem de Pessoas com Cada Pontuação
Percentil de Números Respondidos
Sua Pontuação Histórica
Você não jogou esse quiz